000 00828nam a22001935i 4500
001 162021
003 ES-MaACL
005 20251105063136.0
008 990701m18911892fr |||| | fre d
040 _aGA
_bspa
_cCCPB | 3D
100 1 _aPhilippson, Martin,
_d1846-1916
_9131111
245 1 0 _aHistoire du règne de Marie Stuart /
_cpar Martin Philippson.
260 _aParis :
_bEmile Bouillon,
_c1891-1892 (
_eChartres :
_fImprimerie Durand)
300 _a3 v. (XI, 344 p. 408 p. 520 p.) ;
_c22 cm.
596 _aMarca tip. en port.
600 1 4 _aMaría
_bI
_cReina de Escocia.
_976666
852 _aES-MaACL
_zF-9668-70
_z-- Rúst.
_x-- Edic.: completar T300 T. I. (XI, 344 p.) -- T. II. (408 p.) -- T. III. (520 p.) -- T600 María Estuardo, Reina de Escocia -- T651 Escocia-Historia
999 _c162021
_d162021